Statistics for The George Washington Presidency

Click here to take the quiz!

General Stats

  • This quiz has been taken 5,701 times
    (5,503 since last reset)
  • The average score is 15 of 23

Answer Stats

Hint Answer % Correct
Home stateVirginia
92%
His Vice PresidentJohn Adams
86%
Wife's first nameMartha
86%
apocryphal storyHe chopped down a {cherry} tree
83%
quoteTo be prepared for {war} is one of the most effective
means of preserving peace.
80%
He spent a cold winter
here in 1777
Valley {Forge}
79%
apocryphal storyHe had wooden {teeth}
78%
For most of his Presidency, this city
was the U.S. capital
Philadelphia
78%
First Secretary of StateThomas Jefferson
78%
He was privately opposed
to this practice
Slavery
74%
He crossed this river on
Christmas, 1776
Delaware
73%
His farewell address warned
against forming these
Political {Parties}
72%
He was a member of this
fraternal organization
Freemasons
68%
Secretary of the TreasuryAlexander Hamilton
68%
quote...freedom of {speech} may be taken away, and dumb and
silent we may be led, like sheep to the slaughter.
67%
He served in this war
of the 1750s
French and Indian War
61%
Name of his plantationMount Vernon
55%
Disease that left him scarredSmallpox
54%
He suppressed this rebellion
against alcohol taxes
{Whiskey} Rebellion
50%
Final battle of the RevolutionYorktown
40%
Chief Justice of the Supreme CourtJohn Jay
32%
His first jobSurveyor
26%
apocryphal storyHe threw a {silver} {dollar} across the Potomac River
21%

Score Distribution

Percentile by Number Answered

Percent of People with Each Score

Your Score History

You have not taken this quiz since the last reset